| 000 | 00351nam a22001337a 4500 | ||
|---|---|---|---|
| 008 | 171031b xxu||||| |||| 00| 0 eng d | ||
| 020 | _a9780077575236 | ||
| 041 | _aeng | ||
| 080 | _a33 | ||
| 100 | _a58 | ||
| 101 | _aBUS | ||
| 245 |
_aTHE LEGAL, ETHICAL, AND REGULATORY ENVIRONMENT OF BUSINESS IN A DIVERSE SOCIETY _cALEXANDER,B,D |
||
| 942 |
_2udc _cBK |
||
| 999 |
_c36624 _d36624 |
||